000 00767nas a2200253 4500
001 BR9904818
003 BR-BrBNA
005 20231205101607.0
007 ta
008 230509b bl.|||p| |||| 00| 00por d
040 _aBR-BrBNA
_bpor
_cBiblioteca Nacional de Agricultura
041 _a(En)
072 _aH20
100 1 _aMendes-Costa, M.C.
100 1 _aDavide, L.C.
100 1 _aRocam, M.G.
245 1 _a"In vitro" cytology of the fungus Colletotrichum lindemuthianum (Sacc et Magn.)Scrib
650 _aFeijao
650 _aAntracnose
650 _aCultura In Vitro
773 0 _tCiencia e Agrotecnologia (Brazil)
_xISSN 1413-7054
_g(Apr-Jun 1998), v. 22(2) p. 250-253
_wBR9904818
909 _a202311
_bLúcia
_c55
_dLúcia Elande
942 _2AGRIS
_n0
_cANA
999 _c162743
_d162743